Statistiche per Comuni della Provincia di Lecce

Clicka qui per fare il quiz!

Statistiche generali

  • Questo quiz è stato fatto 23 volte
  • Il punteggio medio è 34 su 96

Statistiche sulle risposte

Comune% Corretto
Gallipoli
87%
Lecce
80%
Galatina
67%
Galatone
67%
Nardò
67%
Otranto
67%
Alessano
60%
Copertino
60%
Maglie
60%
Alezio
53%
Alliste
53%
Aradeo
53%
Castro
53%
Cavallino
53%
Squinzano
53%
Trepuzzi
53%
Tricase
53%
Andrano
47%
Arnesano
47%
Casarano
47%
Castrignano del Capo
47%
Collepasso
47%
Cursi
47%
Diso
47%
Lequile
47%
Martano
47%
Melendugno
47%
Porto Cesareo
47%
Racale
47%
Sannicola
47%
Surbo
47%
Calimera
40%
Cutrofiano
40%
Leverano
40%
Matino
40%
Melissano
40%
Melpignano
40%
Monteroni di Lecce
40%
Novoli
40%
Parabita
40%
Salve
40%
Santa Cesarea Terme
40%
Taurisano
40%
Bagnolo del Salento
33%
Botrugno
33%
Castrignano de' Greci
33%
Corigliano d'Otranto
33%
Giuggianello
33%
Giurdignano
33%
Guagnano
33%
Lizzanello
33%
Minervino di Lecce
33%
Neviano
33%
Presicce-Acquarica
33%
Taviano
33%
Tuglie
33%
Ugento
33%
Veglie
33%
Cannole
27%
Caprarica di Lecce
27%
Carmiano
27%
Gagliano del Capo
27%
Morciano di Leuca
27%
Muro Leccese
27%
Patù
27%
Ruffano
27%
Salice Salentino
27%
Secli
27%
Specchia
27%
Sternatia
27%
Zollino
27%
Castri di Lecce
20%
Martignano
20%
Montesano Salentino
20%
Ortelle
20%
Poggiardo
20%
Sanarica
20%
Scorrano
20%
Spongano
20%
Supersano
20%
Uggiano la Chiesa
20%
Carpignano Salentino
13%
Corsano
13%
Miggiano
13%
San Cesario di Lecce
13%
Sogliano Cavour
13%
Soleto
13%
Surano
13%
Nociglia
7%
San Cassiano
7%
San Donato di Lecce
7%
San Pietro in Lama
7%
Tiggiano
7%
Vernole
7%
Campi Salwentina
0%
Palamriggi
0%

Distribuzione punteggi

Percentile per numero di risposta

Percentuale di utenti per punteggio

I tuoi punteggi nel tempo

Non hai fatto questo quiz